| 000 | 00667nam a22002417a 4500 | ||
|---|---|---|---|
| 003 | URS | ||
| 005 | 20251022142536.0 | ||
| 008 | 251013b ||||| |||| 00| 0 eng d | ||
| 020 | _a9781718219731 | ||
| 040 | _cURS | ||
| 050 |
_aGV706.3 _b.E86 2025 |
||
| 100 | _aMorgan, William J. | ||
| 245 | _aEthics in Sport | ||
| 250 | _aFourth Edition | ||
| 264 |
_aUSA _bHuman Kinetics _c©2025 |
||
| 300 |
_a490 pages.,: _c25 cm. |
||
| 336 |
_2rdacontent _atext |
||
| 337 |
_2rdamedia _aunmediated |
||
| 338 |
_2rdacarrier _avolume |
||
| 650 | 0 |
_aSports _xMoral and ethical aspects _xUnited States. |
|
| 650 | 0 |
_aSports _xSocial aspects _xUnited States. |
|
| 942 |
_2lcc _cFR |
||
| 999 |
_c87376 _d87373 |
||